都市高速が通る自治体 - Statistics

General Stats
  • This quiz has been taken 369 times
  • The average score is 47 of 64
Answer Stats
都市高速 自治体 % Correct
首都高 中央区
93%
首都高 港区
92%
名古屋高速 名古屋市
92%
阪神高速 大阪市
92%
北九州高速 北九州市
92%
福岡高速 福岡市
92%
首都高 新宿区
91%
首都高 大田区
91%
首都高 世田谷区
91%
首都高 江戸川区
91%
首都高 渋谷区
90%
首都高 千代田区
89%
首都高 江東区
89%
広島高速 広島市
89%
首都高 さいたま市
88%
首都高 品川区
88%
首都高 北区
88%
首都高 葛飾区
88%
首都高 川崎市
88%
首都高 横浜市
88%
首都高 川口市
87%
首都高 板橋区
87%
首都高 足立区
87%
阪神高速 神戸市
87%
首都高 杉並区
86%
首都高 豊島区
86%
阪神高速 堺市
86%
首都高 目黒区
85%
首都高 文京区
84%
首都高 中野区
84%
首都高 墨田区
83%
首都高 台東区
82%
阪神高速 東大阪市
82%
阪神高速 尼崎市
82%
阪神高速 西宮市
81%
首都高 荒川区
80%
阪神高速 芦屋市
75%
首都高 浦安市
71%
阪神高速 豊中市
67%
首都高 戸田市
65%
首都高 市川市
65%
名古屋高速 北名古屋市
65%
首都高 三郷市
63%
名古屋高速 一宮市
63%
阪神高速 泉佐野市
61%
阪神高速 伊丹市
61%
福岡高速 太宰府市
61%
名古屋高速 小牧市
60%
広島高速 府中町
58%
首都高 八潮市
56%
福岡高速 春日市
56%
阪神高速 泉大津市
55%
阪神高速 守口市
54%
阪神高速 池田市
54%
福岡高速 大野城市
54%
阪神高速 岸和田市
52%
名古屋高速 清須市
50%
阪神高速 高石市
48%
名古屋高速 東海市
46%
阪神高速 貝塚市
46%
阪神高速 松原市
46%
阪神高速 川西市
46%
名古屋高速 豊山町
37%
福岡高速 粕屋町
36%
No matching quizzes found
Score Distribution
Percent of People with Each Score
Percentile by Number Answered
Your Score History
You have not taken this quiz